[Event "III Duchamp Int Open 2019"]
[Site "Rio de Janeiro BRA"]
[Date "2019.12.12"]
[Round "8.2"]
[White "Supi, L."]
[Black "Cruz, Cr"]
[Result "1/2-1/2"]
[WhiteElo "2578"]
[BlackElo "2562"]
[PlyCount "59"]
[EventDate "2019.12.07"]
[EventType "swiss"]
[EventRounds "9"]
[EventCountry "BRA"]
[SourceTitle "The Week in Chess 1310"]
[Source "Mark Crowther"]
[SourceDate "2019.12.16"]
[SourceVersion "1"]
[SourceVersionDate "2019.12.16"]
[SourceQuality "2"]

1. c4 e6 2. Nf3 Nf6 3. d4 b6 4. a3 c5 5. d5 Ba6 6. Qc2 exd5 7. cxd5 g6 8. Nc3
Bg7 9. h4 d6 10. Bf4 Qe7 11. h5 O-O 12. hxg6 hxg6 13. Bg5 Re8 14. e3 Bxf1 15.
Kxf1 Qb7 16. Bxf6 Bxf6 17. Ne4 Qe7 18. Nxf6+ Qxf6 19. Ke2 Nd7 20. Rh4 Kg7 21.
Rah1 Rh8 22. Rxh8 Rxh8 23. Rxh8 Kxh8 24. Qc3 Kg8 25. Qxf6 Nxf6 26. Nd2 Nxd5 27.
Ne4 Nc7 28. Nxd6 Kg7 29. Kd3 Kf6 30. Ke4 1/2-1/2

[Event "III Duchamp Int Open 2019"]
[Site "Rio de Janeiro BRA"]
[Date "2019.12.07"]
[Round "1.2"]
[White "Tamarozi, Isabelle"]
[Black "Supi, L."]
[Result "0-1"]
[WhiteElo "1963"]
[BlackElo "2578"]
[PlyCount "124"]
[EventDate "2019.12.07"]
[EventType "swiss"]
[EventRounds "9"]
[EventCountry "BRA"]
[SourceTitle "The Week in Chess 1309"]
[Source "Mark Crowther"]
[SourceDate "2019.12.10"]
[SourceVersion "1"]
[SourceVersionDate "2019.12.10"]
[SourceQuality "2"]

1. e4 c5 2. Nf3 e6 3. d4 cxd4 4. Nxd4 a6 5. c4 b6 6. Nc3 Bb7 7. Be2 Qc7 8. Be3
Nf6 9. f3 Be7 10. Rc1 O-O 11. O-O d6 12. a3 Nbd7 13. b4 Rac8 14. Qd2 Qb8 15.
Nb3 Bd8 16. Bf4 Ne5 17. Bxe5 dxe5 18. c5 h6 19. Na4 b5 20. Nb6 Bxb6 21. cxb6
Ba8 22. Nc5 Qxb6 23. Kh1 Rfd8 24. Qb2 Bc6 25. Rfd1 Be8 26. Qxe5 a5 27. Rxd8
Rxd8 28. Qc3 axb4 29. axb4 Qc7 30. Nd3 Qa7 31. Qc7 Qa8 32. Ne5 Kh7 33. Bd3 Qa3
34. Qc3 Qxc3 35. Rxc3 Rd4 36. Kg1 Rxb4 37. Nxf7 Bxf7 38. e5+ Bg6 39. exf6 Bxd3
40. f7 Rf4 41. Rxd3 Rxf7 42. Rd6 Rb7 43. Rxe6 b4 44. Re2 Kg6 45. Kf2 Kf5 46.
g4+ Kf6 47. f4 b3 48. Rb2 Ke6 49. Ke3 Kd5 50. Kd3 Rb4 51. g5 h5 52. f5 Rh4 53.
Rxb3 Rh3+ 54. Kc2 Rxh2+ 55. Kd1 Rf2 56. f6 g6 57. Ke1 Rf4 58. Rb7 Ke6 59. Rg7
Kf5 60. Re7 Kxg5 61. f7 Kh6 62. Ke2 Kg7 0-1

[Event "III Duchamp Int Open 2019"]
[Site "Rio de Janeiro BRA"]
[Date "2019.12.08"]
[Round "3.2"]
[White "Ambartsumova, K."]
[Black "Supi, L."]
[Result "0-1"]
[WhiteElo "2341"]
[BlackElo "2578"]
[PlyCount "208"]
[EventDate "2019.12.07"]
[EventType "swiss"]
[EventRounds "9"]
[EventCountry "BRA"]
[SourceTitle "The Week in Chess 1309"]
[Source "Mark Crowther"]
[SourceDate "2019.12.10"]
[SourceVersion "1"]
[SourceVersionDate "2019.12.10"]
[SourceQuality "2"]

1. d4 Nf6 2. Nf3 e6 3. c4 b6 4. g3 Ba6 5. b3 Bb4+ 6. Bd2 Be7 7. Nc3 d5 8. Bg2
c6 9. cxd5 cxd5 10. Ne5 O-O 11. O-O Bb7 12. Rc1 Nbd7 13. Bf4 Nh5 14. Be3 Bd6
15. f4 Rc8 16. Qd3 Bb8 17. Rc2 Nhf6 18. Rfc1 Qe7 19. Nd1 Rxc2 20. Rxc2 Nxe5 21.
dxe5 Nd7 22. Nf2 Nc5 23. Qc3 Na6 24. Nd3 Qd7 25. Bd4 Rc8 26. Qd2 Rxc2 27. Qxc2
Bc7 28. e3 Bd8 29. Bf1 Be7 30. Be2 Nb8 31. Bf1 Nc6 32. Be2 Nxd4 33. exd4 g6 34.
Nc1 f5 35. Bd3 Kf7 36. Ne2 Ke8 37. Qc1 Kd8 38. Kf2 Qe8 39. Nc3 Qc6 40. Ne2 Qd7
41. Nc3 Bb4 42. Ne2 Qe7 43. Qc2 Ba5 44. Qb2 Bb4 45. Qc2 a6 46. Qc1 Ba3 47. Qc3
Bb4 48. Qc1 b5 49. Qb2 Bc6 50. Qc1 Kc7 51. Qb2 Kb7 52. Qc1 Be8 53. Qb2 Ba3 54.
Qd2 Bb4 55. Qb2 Qf8 56. Qc1 Ba3 57. Qd2 Be7 58. Qc1 Bd7 59. Qd2 h6 60. Qc2 g5
61. Qc1 Ba3 62. Qd2 Be7 63. Qc1 Be8 64. Qc2 Bb4 65. Qc1 Qe7 66. Qc2 Bh5 67. Qc1
Ba5 68. a4 Be8 69. axb5 axb5 70. fxg5 hxg5 71. Qe3 Bd8 72. Kg2 Qb4 73. Bc2 Qe1
74. Qd3 Kb6 75. Nc3 Be7 76. Nd1 Bb4 77. Qe3 Qxe3 78. Nxe3 Bd2 79. Kf2 Bh5 80.
Bd3 Ka5 81. Nc2 Bd1 82. Na3 b4 83. Nc2 g4 84. Kg2 Kb6 85. h3 gxh3+ 86. Kxh3 Kc7
87. Kg2 Kd7 88. Na1 Bc3 89. Nc2 Ke7 90. Kf2 Bd2 91. Na1 Bc3 92. Nc2 Kf7 93. Ke3
Kg6 94. Kf2 Kg5 95. Kg2 Bxc2 96. Bxc2 Bxd4 97. Kf3 Bxe5 98. Bd3 Bc7 99. Ba6 e5
100. Bc8 e4+ 101. Ke3 Bb6+ 102. Ke2 d4 103. Bd7 Kg4 104. Be6 Bc7 0-1

[Event "14th American Continental"]
[Site "Sao Paulo BRA"]
[Date "2019.07.09"]
[Round "7.3"]
[White "Supi, L."]
[Black "Quintiliano Pinto, R."]
[Result "1/2-1/2"]
[WhiteElo "2562"]
[BlackElo "2443"]
[PlyCount "192"]
[EventDate "2019.07.05"]
[EventType "swiss"]
[EventRounds "11"]
[EventCountry "BRA"]
[SourceTitle "The Week in Chess 1288"]
[Source "Mark Crowther"]
[SourceDate "2019.07.15"]
[SourceVersion "2"]
[SourceVersionDate "2019.07.21"]
[SourceQuality "2"]

1. c4 e6 2. g3 Nf6 3. Bg2 d5 4. Nf3 Be7 5. O-O O-O 6. b3 c5 7. Bb2 Nc6 8. e3 b6
9. Nc3 Ba6 10. d3 Rc8 11. Re1 Qd7 12. cxd5 Nxd5 13. Nxd5 exd5 14. d4 c4 15. e4
dxe4 16. Rxe4 Bf6 17. Ne5 Bxe5 18. dxe5 Qxd1+ 19. Rxd1 Rfd8 20. Rd6 cxb3 21.
axb3 Nxe5 22. Bxe5 Rxd6 23. Bxd6 Rc1+ 24. Bf1 Rxf1+ 25. Kg2 h6 26. Ra4 Bb5 27.
Rxa7 Rd1 28. Bc7 Bf1+ 29. Kf3 Rd3+ 30. Ke4 Rxb3 31. h4 Be2 32. Bf4 Rb4+ 33. Ke3
Bg4 34. Kd3 Be6 35. Kc3 Rc4+ 36. Kb2 Rb4+ 37. Kc3 Rb3+ 38. Kc2 b5 39. Be3 Rb4
40. Kc3 Rc4+ 41. Kb2 Re4 42. Rb7 b4 43. Rc7 b3 44. Rc1 Kh7 45. Re1 Re5 46. Bd2
Rf5 47. Bf4 Ra5 48. Ra1 Rb5 49. Re1 Kg6 50. Re5 Rb4 51. Bd2 Ra4 52. Ra5 Rd4 53.
Bc3 Rd1 54. Ra1 Rd3 55. Ra5 Rd7 56. Re5 Bd5 57. Re1 Be6 58. Re5 Rd6 59. Bb4 Rb6
60. Bc3 Ra6 61. Ra5 Rd6 62. Re5 f6 63. Ra5 Bd5 64. Ra1 Rc6 65. Ra5 Bc4 66. Bd4
Be6 67. Rc5 Rd6 68. Be3 Ra6 69. Bd4 Ra4 70. Kc3 h5 71. Rb5 Rc4+ 72. Kd3 Rc2 73.
Ke3 Rc7 74. Bb2 Bc4 75. Rb4 Kf5 76. f3 Kg6 77. Kf4 Bd5 78. Bd4 Re7 79. Rb5 Bf7
80. g4 hxg4 81. fxg4 Bc4 82. Rb4 Bd5 83. Bc3 Re2 84. g5 Rf2+ 85. Ke3 Rf3+ 86.
Kd2 Rf2+ 87. Ke3 Rc2 88. Kd3 fxg5 89. hxg5 Bf7 90. Rb6+ Kh7 91. Rb7 Rf2 92. Ke3
Rf5 93. Bd4 Kg6 94. Rb6+ Kh7 95. Rb7 Kg6 96. Rb6+ Kh7 1/2-1/2

[Event "14th American Continental"]
[Site "Sao Paulo BRA"]
[Date "2019.07.10"]
[Round "8.4"]
[White "Garcia Pantoja, R."]
[Black "Supi, L."]
[Result "1/2-1/2"]
[WhiteElo "2529"]
[BlackElo "2562"]
[PlyCount "79"]
[EventDate "2019.07.05"]
[EventType "swiss"]
[EventRounds "11"]
[EventCountry "BRA"]
[SourceTitle "The Week in Chess 1288"]
[Source "Mark Crowther"]
[SourceDate "2019.07.15"]
[SourceVersion "2"]
[SourceVersionDate "2019.07.21"]
[SourceQuality "2"]

1. e4 e5 2. Nf3 Nc6 3. Bb5 a6 4. Ba4 Nf6 5. O-O Be7 6. Re1 b5 7. Bb3 d6 8. c3
O-O 9. h3 h6 10. d4 Re8 11. Nbd2 Bf8 12. Nf1 Bd7 13. Ng3 Na5 14. Bc2 Nc4 15. b3
Nb6 16. a4 bxa4 17. bxa4 a5 18. Bd3 c6 19. Be3 g6 20. Qd2 Kh7 21. Reb1 c5 22.
dxe5 dxe5 23. Bb5 Qc7 24. Bxd7 Nfxd7 25. Rb5 Qc6 26. Qa2 Kg8 27. Nd2 h5 28.
Ngf1 Ra6 29. Bg5 Nc8 30. Ne3 Nd6 31. Nd5 c4 32. Rab1 Raa8 33. Rb6 Nxb6 34. Rxb6
Qc8 35. Nf6+ Kg7 36. Nxe8+ Qxe8 37. Be3 Qc8 38. Qb1 Qc7 39. Nf3 f6 40. Nd2
1/2-1/2

[Event "14th American Continental"]
[Site "Sao Paulo BRA"]
[Date "2019.07.11"]
[Round "9.5"]
[White "Supi, L."]
[Black "Vazquez, Guillermo"]
[Result "1/2-1/2"]
[WhiteElo "2562"]
[BlackElo "2483"]
[PlyCount "173"]
[EventDate "2019.07.05"]
[EventType "swiss"]
[EventRounds "11"]
[EventCountry "BRA"]
[SourceTitle "The Week in Chess 1288"]
[Source "Mark Crowther"]
[SourceDate "2019.07.15"]
[SourceVersion "2"]
[SourceVersionDate "2019.07.21"]
[SourceQuality "2"]

1. e4 c5 2. Nf3 e6 3. b3 a6 4. Bb2 Nc6 5. c4 Qc7 6. g3 Nf6 7. e5 Ng4 8. Qe2 h5
9. Bg2 b6 10. h3 Nh6 11. Nc3 Bb7 12. Ne4 Nf5 13. O-O d6 14. exd6 Bxd6 15. Rad1
Be7 16. b4 Rd8 17. bxc5 bxc5 18. d3 Ba8 19. h4 Qd7 20. Rfe1 Ncd4 21. Bxd4 Nxd4
22. Nxd4 Qxd4 23. Nd2 Bxg2 24. Nb3 Qc3 25. Kxg2 O-O 26. Rc1 Qxd3 27. Qxh5 g6
28. Qe5 Qf5 29. Qxf5 gxf5 30. Rcd1 f4 31. gxf4 Bxh4 32. Kf3 Rxd1 33. Rxd1 Rb8
34. Rg1+ Kf8 35. Rh1 Bf6 36. Nxc5 Rb2 37. Ne4 Bd4 38. Rd1 f5 39. Rxd4 fxe4+ 40.
Rxe4 Rxa2 41. Rxe6 Rc2 42. Rc6 a5 43. Ke4 a4 44. f3 a3 45. Kd5 a2 46. Ra6 Kf7
47. c5 Ke7 48. f5 Kf7 49. f4 Rd2+ 50. Kc4 Rc2+ 51. Kd4 Rb2 52. f6 Rc2 53. Kd5
Re2 54. Kc4 Rc2+ 55. Kd4 Kg6 56. f5+ Kf7 57. Kd5 Rd2+ 58. Kc4 Rb2 59. Kc3 Rb5
60. Kc4 Rb2 61. Kd3 Rb5 62. Kd4 Rb2 63. Kd5 Rd2+ 64. Ke5 Re2+ 65. Kd6 Kxf6 66.
c6 Rd2+ 67. Kc5 Rc2+ 68. Kb6 Kxf5 69. c7 Rb2+ 70. Kc6 Rc2+ 71. Kd6 Rd2+ 72. Ke7
Re2+ 73. Kd7 Rd2+ 74. Ke7 Re2+ 75. Kd7 Rd2+ 76. Kc8 Rc2 77. Ra5+ Kf4 78. Ra4+
Kf5 79. Ra6 Kg5 80. Ra7 Kf4 81. Ra5 Kg4 82. Kd7 Rd2+ 83. Ke6 Rc2 84. Kd6 Rd2+
85. Ke5 Rc2 86. Rxa2 Rxc7 87. Ke4 1/2-1/2

[Event "Zonal 2.4 2019"]
[Site "Guayaquil ECU"]
[Date "2019.04.09"]
[Round "1.3"]
[White "Carvalho, H."]
[Black "Supi, L."]
[Result "0-1"]
[WhiteElo "2123"]
[BlackElo "2556"]
[PlyCount "53"]
[EventDate "2019.04.09"]
[EventType "swiss"]
[EventRounds "9"]
[EventCountry "ECU"]
[SourceTitle "The Week in Chess 1276"]
[Source "Mark Crowther"]
[SourceDate "2019.04.22"]
[SourceVersion "1"]
[SourceVersionDate "2019.04.22"]
[SourceQuality "2"]

1. d4 Nf6 2. Nf3 g6 3. Bf4 Bg7 4. e3 O-O 5. h3 d6 6. Nbd2 b6 7. Be2 Bb7 8. O-O
Nbd7 9. Bh2 e6 10. c3 Qe7 11. Nc4 Ne4 12. Nfd2 Nxd2 13. Nxd2 e5 14. a4 a6 15.
b4 Kh8 16. a5 b5 17. Rc1 Rab8 18. dxe5 Nxe5 19. c4 bxc4 20. Nxc4 Qg5 21. Bg3
Nc6 22. Bf4 Qf6 23. Qd2 Ne7 24. e4 Nc6 25. Rb1 Nd4 26. Bd3 Rfe8 27. f3 0-1

[Event "Zonal 2.4 2019"]
[Site "Guayaquil ECU"]
[Date "2019.04.10"]
[Round "2.3"]
[White "Supi, L."]
[Black "Noboa Silva, Kevin"]
[Result "1-0"]
[WhiteElo "2556"]
[BlackElo "2309"]
[PlyCount "73"]
[EventDate "2019.04.09"]
[EventType "swiss"]
[EventRounds "9"]
[EventCountry "ECU"]
[SourceTitle "The Week in Chess 1276"]
[Source "Mark Crowther"]
[SourceDate "2019.04.22"]
[SourceVersion "1"]
[SourceVersionDate "2019.04.22"]
[SourceQuality "2"]

1. c4 e5 2. g3 Nf6 3. Bg2 c6 4. Nf3 e4 5. Nd4 d5 6. d3 exd3 7. cxd5 Nxd5 8.
Qxd3 Be7 9. O-O O-O 10. Rd1 Nd7 11. e4 N5f6 12. Nc3 Qa5 13. h3 Nb6 14. Qe2 Na4
15. Bd2 Nxc3 16. Bxc3 Qb6 17. b4 Re8 18. Rab1 Bf8 19. Qc2 c5 20. bxc5 Qxc5 21.
Rbc1 Qb6 22. Qd3 Bc5 23. Rb1 Qd8 24. Qc4 Qc7 25. Kh2 Qe7 26. e5 Nh5 27. f4 g6
28. Rb5 Bxd4 29. Qxd4 Ng7 30. e6 fxe6 31. Qe5 Qf7 32. Rb2 h5 33. Rbd2 Kh7 34.
Rd8 Rxd8 35. Rxd8 a5 36. Be4 a4 37. Qxh5+ 1-0

[Event "Zonal 2.4 2019"]
[Site "Guayaquil ECU"]
[Date "2019.04.10"]
[Round "3.1"]
[White "Santiago, Y."]
[Black "Supi, L."]
[Result "0-1"]
[WhiteElo "2472"]
[BlackElo "2556"]
[PlyCount "70"]
[EventDate "2019.04.09"]
[EventType "swiss"]
[EventRounds "9"]
[EventCountry "ECU"]
[SourceTitle "The Week in Chess 1276"]
[Source "Mark Crowther"]
[SourceDate "2019.04.22"]
[SourceVersion "1"]
[SourceVersionDate "2019.04.22"]
[SourceQuality "2"]

1. d4 Nf6 2. c4 g6 3. Nc3 d5 4. Nf3 Bg7 5. cxd5 Nxd5 6. e4 Nxc3 7. bxc3 c5 8.
Rb1 O-O 9. Be2 b6 10. O-O Qc7 11. d5 Bxc3 12. Rb3 Bg7 13. Ng5 h6 14. Nh3 Rd8
15. Bf4 e5 16. Bd2 Nd7 17. Qc1 Nf6 18. Qc2 Qe7 19. Rg3 Bd7 20. Bc3 Re8 21. Qd3
b5 22. d6 Qe6 23. f4 c4 24. Qf3 Qxd6 25. fxe5 Rxe5 26. Nf4 Rf8 27. Rd1 Qc7 28.
Bxe5 Qxe5 29. Qe3 Bc6 30. Bf3 Re8 31. Ne2 Nxe4 32. Bxe4 Bxe4 33. Rh3 Bf5 34.
Qxe5 Rxe5 35. Rd8+ Kh7 0-1

[Event "Zonal 2.4 2019"]
[Site "Guayaquil ECU"]
[Date "2019.04.11"]
[Round "4.1"]
[White "Supi, L."]
[Black "Mekhitarian, K."]
[Result "1/2-1/2"]
[WhiteElo "2556"]
[BlackElo "2531"]
[PlyCount "184"]
[EventDate "2019.04.09"]
[EventType "swiss"]
[EventRounds "9"]
[EventCountry "ECU"]
[SourceTitle "The Week in Chess 1276"]
[Source "Mark Crowther"]
[SourceDate "2019.04.22"]
[SourceVersion "1"]
[SourceVersionDate "2019.04.22"]
[SourceQuality "2"]

1. c4 e6 2. Nf3 d5 3. g3 dxc4 4. Bg2 a6 5. O-O Nf6 6. Qc2 Bd6 7. Qxc4 b5 8. Qc2
Bb7 9. b3 c5 10. Bb2 Nbd7 11. d3 O-O 12. Nbd2 Rc8 13. Rac1 Re8 14. Qb1 e5 15.
Rfd1 Qb6 16. Qa1 h6 17. e3 Rcd8 18. a3 Qa7 19. h3 Qa8 20. e4 Qb8 21. Nf1 Nf8
22. Ne3 Ne6 23. Bxe5 Bxe5 24. Qxe5 Qxe5 25. Nxe5 Nd4 26. Rxc5 Nxb3 27. Rc7 Bxe4
28. Nxf7 Rxd3 29. Rxd3 Bxd3 30. Nd6 Re5 31. Ra7 Nc5 32. g4 h5 33. Bf3 hxg4 34.
hxg4 g6 35. Nf7 Re6 36. g5 Nfd7 37. Nh6+ Kf8 38. Bg4 Re7 39. Rc7 Be4 40. Kh2
Kg7 41. Bxd7 Nxd7 42. Ra7 Kf8 43. Rxa6 Re5 44. f4 Rc5 45. Re6 Bb1 46. Rd6 Ke7
47. Rd1 Ba2 48. f5 gxf5 49. Nhxf5+ Kd8 50. g6 Kc7 51. Kg3 Rc3 52. Kf4 Nf8 53.
g7 Ne6+ 54. Ke4 Nxg7 55. Nxg7 Rxa3 56. Ngf5 Bc4 57. Rc1 Kb6 58. Kd4 Rd3+ 59.
Ke5 Kc5 60. Ke4 Rd8 61. Ng4 Rd2 62. Ne5 Re2+ 63. Ne3 Rh2 64. Nd3+ Kb6 65. Nf4
Rh8 66. Nxc4+ bxc4 67. Rxc4 Rh1 68. Ke5 Kb5 69. Rc3 Rd1 70. Nd3 Rh1 71. Rc5+
Kb6 72. Rc2 Rh5+ 73. Kd6 Rh6+ 74. Kd5 Rh5+ 75. Ne5 Rh1 76. Rb2+ Kc7 77. Rc2+
Kb7 78. Rg2 Rh7 79. Kc5 Rc7+ 80. Kd6 Rc1 81. Rb2+ Kc8 82. Rb4 Rd1+ 83. Kc6 Rc1+
84. Kd6 Rd1+ 85. Kc6 Rc1+ 86. Nc4 Kd8 87. Kd6 Rd1+ 88. Ke6 Kc7 89. Ne3 Rh1 90.
Nf5 Re1+ 91. Kd5 Rh1 92. Rh4 Rxh4 1/2-1/2

[Event "Zonal 2.4 2019"]
[Site "Guayaquil ECU"]
[Date "2019.04.11"]
[Round "5.1"]
[White "Supi, L."]
[Black "Martinez Alcantara, Jose Eduardo"]
[Result "1/2-1/2"]
[WhiteElo "2556"]
[BlackElo "2570"]
[PlyCount "40"]
[EventDate "2019.04.09"]
[EventType "swiss"]
[EventRounds "9"]
[EventCountry "ECU"]
[SourceTitle "The Week in Chess 1276"]
[Source "Mark Crowther"]
[SourceDate "2019.04.22"]
[SourceVersion "1"]
[SourceVersionDate "2019.04.22"]
[SourceQuality "2"]

1. c4 c5 2. g3 Nc6 3. Nc3 g6 4. Bg2 Bg7 5. Nf3 d6 6. O-O e6 7. e3 Nge7 8. d4
O-O 9. Rb1 cxd4 10. exd4 d5 11. b3 b6 12. Ba3 Ba6 13. Re1 Re8 14. cxd5 Nxd5 15.
Nxd5 exd5 16. Ne5 Nxe5 17. dxe5 Rxe5 18. Rxe5 Bxe5 19. Bxd5 Rc8 20. Rc1 Rxc1
1/2-1/2

[Event "Zonal 2.4 2019"]
[Site "Guayaquil ECU"]
[Date "2019.04.12"]
[Round "6.2"]
[White "Barros, C."]
[Black "Supi, L."]
[Result "0-1"]
[WhiteElo "2366"]
[BlackElo "2556"]
[PlyCount "96"]
[EventDate "2019.04.09"]
[EventType "swiss"]
[EventRounds "9"]
[EventCountry "ECU"]
[SourceTitle "The Week in Chess 1276"]
[Source "Mark Crowther"]
[SourceDate "2019.04.22"]
[SourceVersion "1"]
[SourceVersionDate "2019.04.22"]
[SourceQuality "2"]

1. c4 c5 2. g3 g6 3. Bg2 Bg7 4. Nc3 Nc6 5. e3 e5 6. Nge2 Nge7 7. d3 d6 8. b3 a6
9. Bb2 Rb8 10. Qd2 b5 11. O-O O-O 12. Rfd1 Bg4 13. h3 Be6 14. Rac1 Qd7 15. Kh2
Rfc8 16. Nd5 Bxd5 17. cxd5 Nb4 18. Nc3 a5 19. h4 a4 20. bxa4 bxa4 21. Rb1 f5
22. Ba1 a3 23. Rb3 Qa7 24. Nb1 Nbxd5 25. Rxa3 Qd7 26. Nc3 Nf6 27. Ra6 d5 28. a4
Nc6 29. a5 Nb4 30. Rb6 Rxb6 31. axb6 Rb8 32. Rb1 Rxb6 33. Na2 Qb7 34. Nc3 Qa6
35. Kg1 h6 36. Na2 Nc6 37. Rxb6 Qxb6 38. Nc3 Qb3 39. Bf3 Nb4 40. Bb2 Na6 41.
Bd1 Qb4 42. Qc1 Kh7 43. h5 gxh5 44. Na4 d4 45. exd4 cxd4 46. Ba3 Qe1+ 47. Kg2
f4 48. gxf4 Nd5 0-1

[Event "Zonal 2.4 2019"]
[Site "Guayaquil ECU"]
[Date "2019.04.13"]
[Round "7.2"]
[White "Supi, L."]
[Black "Mieles Palau, D."]
[Result "1-0"]
[WhiteElo "2556"]
[BlackElo "2334"]
[PlyCount "34"]
[EventDate "2019.04.09"]
[EventType "swiss"]
[EventRounds "9"]
[EventCountry "ECU"]
[SourceTitle "The Week in Chess 1276"]
[Source "Mark Crowther"]
[SourceDate "2019.04.22"]
[SourceVersion "1"]
[SourceVersionDate "2019.04.22"]
[SourceQuality "2"]

1. c4 e6 2. Nf3 d5 3. g3 dxc4 4. Bg2 a6 5. O-O Nf6 6. Qc2 Bd6 7. Qxc4 b5 8. Qb3
Bb7 9. a4 Nbd7 10. axb5 Bd5 11. Qc2 axb5 12. Rxa8 Qxa8 13. Nc3 Bc6 14. d3 O-O
15. Bg5 h6 16. Bxf6 Nxf6 17. Rc1 Nd7 1-0

[Event "Zonal 2.4 2019"]
[Site "Guayaquil ECU"]
[Date "2019.04.13"]
[Round "8.1"]
[White "Cori Quispe, Kevin Joel"]
[Black "Supi, L."]
[Result "1-0"]
[WhiteElo "2497"]
[BlackElo "2556"]
[PlyCount "79"]
[EventDate "2019.04.09"]
[EventType "swiss"]
[EventRounds "9"]
[EventCountry "ECU"]
[SourceTitle "The Week in Chess 1276"]
[Source "Mark Crowther"]
[SourceDate "2019.04.22"]
[SourceVersion "1"]
[SourceVersionDate "2019.04.22"]
[SourceQuality "2"]

1. e4 c5 2. Nf3 e6 3. d4 cxd4 4. Nxd4 a6 5. Bd3 Bc5 6. Nb3 Be7 7. Qg4 g6 8. Qe2
Nc6 9. O-O d6 10. a4 b6 11. Be3 Nf6 12. N1d2 Ne5 13. f4 Nxd3 14. cxd3 O-O 15.
Nc4 Rb8 16. a5 b5 17. Nb6 Bb7 18. Rfc1 Nh5 19. Nd4 Qe8 20. Rc2 e5 21. fxe5 dxe5
22. Nf5 gxf5 23. Qxh5 f4 24. Bc5 f5 25. Qxe8 Rbxe8 26. Nd7 Rf7 27. Bxe7 Rexe7
28. Nc5 fxe4 29. dxe4 Rc7 30. Rac1 Bc8 31. b4 Rfe7 32. Nd3 Rxc2 33. Rxc2 Bb7
34. Nc5 Kf7 35. Rd2 Rc7 36. Rd6 Bc8 37. Kf2 Ke7 38. Rh6 Ke8 39. Rh5 Re7 40. Nd3
1-0

[Event "Zonal 2.4 2019"]
[Site "Guayaquil ECU"]
[Date "2019.04.14"]
[Round "9.2"]
[White "Cruz, Cr"]
[Black "Supi, L."]
[Result "1/2-1/2"]
[WhiteElo "2569"]
[BlackElo "2556"]
[PlyCount "71"]
[EventDate "2019.04.09"]
[EventType "swiss"]
[EventRounds "9"]
[EventCountry "ECU"]
[SourceTitle "The Week in Chess 1276"]
[Source "Mark Crowther"]
[SourceDate "2019.04.22"]
[SourceVersion "1"]
[SourceVersionDate "2019.04.22"]
[SourceQuality "2"]

1. d4 Nf6 2. c4 g6 3. Nc3 d5 4. cxd5 Nxd5 5. Bd2 Bg7 6. e4 Nxc3 7. Bxc3 O-O 8.
Qd2 Nc6 9. Nf3 Bg4 10. d5 Bxf3 11. Bxg7 Kxg7 12. gxf3 Ne5 13. O-O-O Qd6 14. Qc3
Qf6 15. Be2 Rfc8 16. Qe3 c6 17. d6 c5 18. h4 h5 19. f4 Nc6 20. f5 Nd4 21. fxg6
fxg6 22. Rhg1 Qxh4 23. e5 Nxe2+ 24. Qxe2 Qf4+ 25. Kb1 Qf5+ 26. Qd3 Qxd3+ 27.
Rxd3 Rg8 28. dxe7 Kf7 29. Rd6 Kxe7 30. Rdxg6 Rxg6 31. Rxg6 Rf8 32. Rh6 Rxf2 33.
Rxh5 Ke6 34. Rh6+ Kxe5 35. Rh7 b6 36. Rxa7 1/2-1/2

[Event "43rd Olympiad 2018"]
[Site "Batumi GEO"]
[Date "2018.09.26"]
[Round "3.6"]
[White "Supi, L."]
[Black "Howell, D."]
[Result "0-1"]
[WhiteElo "2548"]
[BlackElo "2689"]
[PlyCount "112"]
[EventDate "2018.09.24"]
[EventType "team"]
[EventRounds "11"]
[EventCountry "GEO"]
[SourceTitle "The Week in Chess 1247"]
[Source "Mark Crowther"]
[SourceDate "2018.10.01"]
[SourceVersion "1"]
[SourceVersionDate "2018.10.01"]
[SourceQuality "2"]
[WhiteTeam "Brazil"]
[BlackTeam "England"]
[WhiteTeamCountry "BRA"]
[BlackTeamCountry "ENG"]

1. e4 c6 2. Nc3 d5 3. Nf3 dxe4 4. Nxe4 Nf6 5. Qe2 Nxe4 6. Qxe4 Qd5 7. Qh4 Bf5
8. Bc4 Qd6 9. d3 e6 10. O-O Be7 11. Bg5 Bxg5 12. Qxg5 O-O 13. Nh4 Bg6 14. Nxg6
hxg6 15. Rae1 Nd7 16. Re3 Nb6 17. Bb3 a5 18. a4 Nd5 19. Re4 Rfe8 20. Rfe1 Rad8
21. Qd2 b6 22. Re5 Qb4 23. Qd1 Qd6 24. d4 Nf6 25. c3 c5 26. dxc5 Qxe5 27. Rxe5
Rxd1+ 28. Bxd1 Rd8 29. Bf3 Nd7 30. Re1 Nxc5 31. Rd1 Rc8 32. Rd4 e5 33. Rc4 Rd8
34. h3 f5 35. b4 axb4 36. Rxb4 Rd6 37. a5 bxa5 38. Rb5 Nd3 39. Rxa5 e4 40. Be2
Nf4 41. Kf1 Kh7 42. Ra2 Rb6 43. Rd2 Rb1+ 44. Rd1 Rb2 45. Re1 g5 46. Bd1 Rb1 47.
Bc2 Rxe1+ 48. Kxe1 Nxg2+ 49. Ke2 Kg6 50. f3 e3 51. c4 Kf6 52. c5 f4 53. Be4 Ke5
54. Kd3 Nh4 55. Kc2 Nf5 56. Kc3 Nd4 0-1

[Event "Copel Telecom SESC Open"]
[Site "Caioba BRA"]
[Date "2018.08.02"]
[Round "4.1"]
[White "Supi, L."]
[Black "Carneiro, Vitor Roberto Castr"]
[Result "0-1"]
[WhiteElo "2565"]
[BlackElo "2429"]
[PlyCount "108"]
[EventDate "2018.08.01"]
[EventType "swiss"]
[EventRounds "9"]
[EventCountry "BRA"]
[SourceTitle "The Week in Chess 1240"]
[Source "Mark Crowther"]
[SourceDate "2018.08.13"]
[SourceVersion "1"]
[SourceVersionDate "2018.08.13"]
[SourceQuality "2"]

1. d4 d5 2. c4 c6 3. Nf3 Nf6 4. e3 g6 5. Nc3 Bg7 6. Bd3 O-O 7. O-O Bg4 8. h3
Bxf3 9. Qxf3 e6 10. Rd1 Nbd7 11. Qe2 Re8 12. Bd2 a6 13. Be1 Qe7 14. Rac1 Rac8
15. Qc2 dxc4 16. Bxc4 b5 17. Be2 e5 18. dxe5 Nxe5 19. a4 Qe6 20. Bf1 Nc4 21. b3
Na5 22. Ne2 bxa4 23. Bxa5 axb3 24. Qd3 Ne4 25. Be1 b2 26. Rb1 Rb8 27. Nd4 Qd5
28. Qxa6 c5 29. Bc4 Qh5 30. Nc6 Ra8 31. Qb7 Ng5 32. Qb3 Ra1 33. Qc2 h6 34. Be2
Qh4 35. f3 Nxh3+ 36. gxh3 Qg5+ 37. Kf1 Qxe3 38. Bf2 Qe6 39. Nd4 Qxh3+ 40. Kg1
Bxd4 41. Bxd4 cxd4 42. Rxb2 Qg3+ 43. Kf1 Qh3+ 44. Kg1 Re5 45. Rb5 Qg3+ 46. Kf1
Qh3+ 47. Ke1 Qh4+ 48. Kd2 Qg5+ 49. Ke1 Rxd1+ 50. Qxd1 Qg1+ 51. Kd2 Qe3+ 52. Kc2
Qc3+ 53. Kb1 Rxb5+ 54. Bxb5 Qb4+ 0-1

[Event "Copel Telecom SESC Open"]
[Site "Caioba BRA"]
[Date "2018.08.04"]
[Round "7.6"]
[White "Supi, L."]
[Black "Umetsubo, C."]
[Result "1/2-1/2"]
[WhiteElo "2565"]
[BlackElo "2404"]
[PlyCount "106"]
[EventDate "2018.08.01"]
[EventType "swiss"]
[EventRounds "9"]
[EventCountry "BRA"]
[SourceTitle "The Week in Chess 1240"]
[Source "Mark Crowther"]
[SourceDate "2018.08.13"]
[SourceVersion "1"]
[SourceVersionDate "2018.08.13"]
[SourceQuality "2"]

1. c4 Nf6 2. d4 e6 3. Nc3 Bb4 4. e3 c5 5. Nge2 cxd4 6. exd4 d5 7. a3 Be7 8. Nf4
Nc6 9. Be3 O-O 10. cxd5 Nxd5 11. Ncxd5 exd5 12. Bd3 Bf6 13. O-O g6 14. Bc2 Re8
15. Rc1 Qd6 16. Qd2 Be6 17. Ba4 Rec8 18. Nxe6 Qxe6 19. Rce1 Qe4 20. f3 Qh4 21.
Kh1 Bg7 22. Bb3 Qd8 23. Ba2 Qd7 24. Bf2 Qf5 25. h3 b6 26. Re2 Re8 27. Rxe8+
Rxe8 28. b4 Nd8 29. Bb1 Qf6 30. Re1 Ne6 31. Qc1 Qd8 32. Rd1 Qd7 33. Ba2 Rc8 34.
Qd2 Qa4 35. Rc1 Rxc1+ 36. Qxc1 Bxd4 37. Bg3 Qb5 38. Qd1 a5 39. bxa5 Qxa5 40.
Kh2 Qxa3 41. Bxd5 Qe3 42. Bxe6 fxe6 43. h4 h5 44. Kh3 Kh7 45. Qa4 Bg7 46. Bd6
Qd4 47. Qd7 Qd5 48. Qc7 b5 49. Kh2 Qc4 50. Qe7 Qd5 51. f4 Kg8 52. Qe8+ Kh7 53.
Qe7 Kg8 1/2-1/2